000
00301nam a22001337a 4500
020
_a
1-8442-2954-8
082
_a
823
_b
LAD/L
100
_a
LADY BIRD
245
_a
THE MARROW MANGLER
_b
LITTLE RED TRACTOR
260
_a
UK
_b
LADY BIRD
300
_a
29
650
_a
ENGLISH SHORT STORY
_z
UK
942
_c
BK
999
_c
2144
_d
2144